Nr. 1 Hits oder nicht - 1970er Songs - Statistiken

Allgemein
  • Dieses Quiz wurde 105 mal gespielt
  • Das Durchschnittsergebnis liegt bei 12 aus 20
Antwortstatistiken
Frage Antwort % Korrekt
Dancing Queen (ABBA) Ja
95%
Y.M.C.A. (Village People) Ja
91%
School’s Out (Alice Cooper) Nein
86%
You’re The One That I Want (John Travolta & Olivia Newton-John) Ja
73%
Heart Of Gold (Neil Young) Nein
68%
Kung Fu Fighting (Carl Douglas) Ja
64%
Living Next Door To Alice (Smokie) Ja
59%
Stairway To Heaven (Led Zeppelin) Nein
59%
Yes Sir, I Can Boogie (Baccara) Ja
55%
Rasputin (Boney M.) Ja
55%
Sailing (Rod Stewart) Nein
55%
Crocodile Rock (Elton John) Nein
55%
Highway To Hell (AC/DC) Nein
55%
Heart Of Glass (Blondie) Ja
50%
Hot Stuff (Donna Summer) Nein
50%
Angie (The Rolling Stones) Nein
50%
Fox On The Run (The Sweet) Ja
45%
Can The Can (Suzi Quatro) Ja
45%
Hotel California (Eagles) Nein
41%
I Will Survive (Gloria Gaynor) Nein
36%
Keine übereinstimmenden Quizze gefunden
Verteilung der Resultate
Anzahl Personen mit jedem Resultat
Perzentil nach korrekt beantworteten Fragen
Ihre Resultats-Entwicklung
Sie haben dieses Quiz noch nicht gespielt